[Event "II Torneo Paterna-B 2021"]
[Site "Paterna"]
[Date "2021.10.18"]
[Round "6.3"]
[White "Pallardo Lozoya, Jose Vicente"]
[Black "Nihal Sarin"]
[Result "1-0"]
[WhiteElo "2357"]
[BlackElo "2652"]
[Annotator "TA"]
[PlyCount "105"]
[EventDate "2021.10.18"]
[EventType "tourn"]
[EventCountry "ESP"]
[SourceTitle "playchess.com"]
[Source "ChessBase"]
[SourceQuality "1"]

{[%evp 18,105,-1,0,20,19,13,13,22,14,33,-1,23,16,11,0,0,-14,0,-14,5,12,51,42,60,49,73,11,9,15,78,0,24,-6,-5,-22,0,0,0,-9,-9,-17,-12,-9,0,-43,-40,-71,-71,-68,-67,-62,-25,-34,0,0,0,0,0,0,8,8,8,8,8,8,8,8,29974,29975,29975,29976,29976,29978,29976,29977,29977,29978,29978,29979,29980,29980,29980,29977,29977,29978,29978,29979,29981,29982]} 1. e4 c5 2. Nc3 Nc6 3. g3 g6 4. Bg2 Bg7 5. d3 e6 6. Be3 d6 7. Nh3 Nge7 8. O-O O-O 9. Qd2 Rb8 10. Bh6 e5 {B25: Closed Sicilian: 3 g3, lines without early Be3.} 11. Bxg7 Kxg7 12. f4 f6 {The position is equal.} 13. Nf2 b5 14. Ncd1 b4 15. Ne3 {[#]} a5 $146 ({Predecessor:} 15... Nd4 16. c3 bxc3 17. bxc3 Ndc6 18. Nfd1 Bd7 19. Nc4 Qc7 20. Nde3 Na5 21. Rf2 Nxc4 22. dxc4 {½-½ (50) Richtrova,E (2245)-Houska,J (2188) Czech Republic 2006}) 16. a3 Nd4 17. axb4 axb4 18. Ra7 Rf7 19. c3 bxc3 (19... Nb5 {with more complications.} 20. Raa1 Be6 21. fxe5 dxe5 22. Bh3 Bxh3 23. Nxh3 Qd7) 20. bxc3 Ndc6 21. Ra2 (21. Ra3 {keeps more tension.} exf4 22. gxf4 Bd7 23. Nh1 f5 24. Ng3) 21... Be6 22. Rb2 (22. Ra6 $16) 22... Rxb2 $11 23. Qxb2 Rf8 (23... exf4 $11 {remains equal.} 24. gxf4 Qd7) 24. Bh3 (24. f5 $16 Bf7 25. Nfg4) 24... Bf7 25. Nfg4 h5 $36 {[%mdl 2048] White is under pressure.} 26. Nf2 Qa5 27. Ra1 Rb8 28. Rxa5 Rxb2 29. Ra6 exf4 30. gxf4 g5 31. fxg5 (31. Nf5+ {is interesting.} Nxf5 32. Bxf5 Be8 33. e5 fxe5 34. fxg5 Ne7 35. Ra7) 31... fxg5 32. Nf5+ Nxf5 33. Bxf5 Ne5 34. Rxd6 g4 35. d4 Nc4 36. Rd7 {[#] Hoping for Be6.} ({Don't go for} 36. dxc5 $2 Nxd6 37. cxd6 Kf6 $19) 36... Ne3 {White must now prevent ...Rb1+.} 37. Be6 ({Wrong is} 37. Nd3 $2 Rg2+ 38. Kh1 Rd2 $19) 37... Rb1+ 38. Nd1 Nxd1 (38... cxd4 {seems wilder.} 39. cxd4 Rxd1+ 40. Kf2 Nc2 41. Bxf7 Kh6) 39. Rxf7+ {[%mdl 4096] Endgame KRB-KRN} Kg6 40. Rf1 Nxc3 41. Rxb1 Nxb1 42. dxc5 {KB-KN} (42. Ba2 {is more complex.} Nc3 43. dxc5 Kf6 44. c6 Nxe4 45. c7) 42... Nd2 $2 {[%mdl 8192] [#] This move loses the game for Black.} (42... Nc3 $11) 43. Bf5+ $1 {White mates.} Kf6 44. c6 Nc4 45. c7 Nd6 46. c8=Q Nxc8 47. Bxc8 {KB-KPP} Ke5 48. Bf5 Kf4 49. Kg2 h4 50. Bh7 Ke5 51. Kf2 Kf4 52. Bf5 h3 53. Bh7 {Weighted Error Value: White=0.10/Black=0.27} 1-0

[Event "II Torneo Paterna-B 2021"]
[Site "Paterna"]
[Date "2021.10.18"]
[Round "7.1"]
[White "Roca Galarza, Jose"]
[Black "Gimeno Higueras, Roberto"]
[Result "1-0"]
[WhiteElo "2297"]
[BlackElo "2166"]
[Annotator "TA"]
[PlyCount "67"]
[EventDate "2021.10.18"]
[EventType "tourn"]
[EventCountry "ESP"]
[SourceTitle "playchess.com"]
[Source "ChessBase"]
[SourceQuality "1"]

{[%evp 14,67,35,37,58,19,33,22,34,22,33,13,73,18,70,18,72,0,93,93,144,143,174,142,185,133,295,299,293,277,263,263,283,283,279,275,322,308,366,356,330,326,301,270,452,401,448,440,431,329,345,333,658,650,881,833]} 1. Nf3 d5 2. d4 Nf6 3. c4 dxc4 4. e3 e6 5. Bxc4 a6 6. O-O c5 7. b3 {7.b3 is the modern continuation.} Nc6 8. Bb2 b5 {D27: Queen's Gambit Accepted: Classical main line: 7 e4!? and 7 a4.} 9. Bd3 Bb7 10. a4 b4 {[#] The position is equal.} 11. Qe2 $146 ({Predecessor:} 11. Nbd2 cxd4 12. exd4 Be7 13. Nc4 O-O 14. a5 Nd5 15. Re1 Bf6 16. Qd2 Rc8 17. Be4 {0-1 (32) Sargsyan,A (2380)-Badelka,O (2428) Tornelo INT 2021}) 11... cxd4 12. Nxd4 Be7 (12... Ne5 $11 13. Bc2 Qc7) 13. Nd2 (13. Nxc6 $16 Bxc6 14. Nd2) 13... O-O (13... Nxd4 $11 14. Bxd4 Qd5) 14. Rfd1 (14. Nxc6 $14 Bxc6 15. Rfd1) 14... Qd5 (14... Ne5 $11 {remains equal.} 15. Bc2 Qb6) 15. f3 (15. Nxc6 $16 Qxc6 16. f3) 15... Rad8 (15... Na5 $11) 16. Bxa6 $16 Ba8 ({Black should play} 16... Bxa6 17. Qxa6 Na5) 17. Bc4 Nxd4 18. Bxd4 Qh5 19. Nf1 ({Better is} 19. a5 $18) 19... Bd6 $2 {This move loses the game for Black.} (19... Nd5 $16) 20. Bb6 $18 Rd7 21. Bb5 Be5 22. Bxd7 Bxa1 {[#]} 23. Bxe6 $1 {[%mdl 512]} fxe6 24. Rxa1 Nd5 25. Bd4 Rc8 26. Qa6 Qe8 27. Nd2 e5 {[#]} 28. Bxe5 {[%mdl 512] Black must now prevent Nc4.} Rc2 (28... Nxe3 {was necessary.} 29. Re1 Nf5) 29. Nf1 Qxe5 30. Qxa8+ Kf7 31. Re1 Qg5 {[%csl Gc2][%cal Rg5g2]} 32. Qb7+ Rc7 $2 (32... Ne7 33. g3 Qd5 34. Qxd5+ Nxd5) 33. Qb5 h5 34. e4 {Weighted Error Value: White=0.21/Black=0.58} 1-0

[Event "II Torneo Paterna-B 2021"]
[Site "Paterna"]
[Date "2021.10.18"]
[Round "7.2"]
[White "Nihal Sarin"]
[Black "Diaz Velandia, Jose Manuel"]
[Result "1-0"]
[WhiteElo "2652"]
[BlackElo "2357"]
[Annotator "TA"]
[PlyCount "101"]
[EventDate "2021.10.18"]
[EventType "tourn"]
[EventCountry "ESP"]
[SourceTitle "playchess.com"]
[Source "ChessBase"]
[SourceQuality "1"]

{[%evp 20,101,31,5,7,7,7,5,8,8,16,-74,4,7,5,6,11,6,24,-93,-91,-127,-136,-229,-241,-247,-119,-192,-189,-192,-206,-227,-166,-165,-131,-138,-116,-123,-107,-97,-52,-130,-101,-102,0,0,0,-43,0,-49,-67,-148,-5,-50,-57,-102,547,556,564,564,564,556,529,492,542,539,546,517,553,518,29963,29964,29969,29972,29972,29974,29974,29975,29977,29979,29984,29983,29989,29990]} 1. Nf3 c5 2. g3 Nc6 3. Bg2 g6 4. O-O Bg7 5. c3 Nf6 6. d4 cxd4 7. cxd4 d5 8. Nc3 O-O 9. Ne5 e6 10. Nxc6 bxc6 {[%cal Bb7c6,Bc6c5][%mdl 32]} 11. b3 Nd7 {D79: Fianchetto Grünfeld: Symmetrical Variation (6 0-0 c6 7 cxd5 cxd5).} 12. Ba3 c5 13. Na4 Bxd4 {The position is equal.} 14. Rc1 Ba6 {[#]} 15. Re1 $146 (15. Qd2 $11 {keeps the balance.}) ({Predecessor:} 15. Nxc5 Bxc5 16. Bxc5 Nxc5 17. Rxc5 Qb6 18. Rc1 Qa5 19. Qc2 Rac8 20. Qb2 d4 21. Qxd4 Bxe2 22. Rxc8 Rxc8 {½-½ (42) Yadav,P (1621)-Gaikwad,S (2128) Panchavati 2017}) 15... Re8 (15... Qa5 $1 $17 16. e3 Bg7) 16. e3 $11 Bg7 17. Nxc5 Nxc5 18. Bxc5 Qa5 19. a4 (19. Bd4 $11) 19... Bc3 $17 20. Rxc3 Qxc3 21. Bd4 (21. b4 $17) 21... Qb4 $1 $19 22. Qa1 {[#]} f5 ({Resist} 22... Qxb3 23. Bh8 $17) (22... Rac8 $1 $19 {Threatens to win with ...e5.} 23. Bxa7 Rc3) 23. Bf1 (23. h3 $17 {might work better.}) 23... Bxf1 24. Rxf1 a6 (24... Qxb3 $2 25. Rb1 $18) 25. h4 h5 ({Not} 25... Qxb3 $2 26. Rb1 $18) 26. Bh8 {[%csl Gh8][%cal Ra1g7]} Qe7 {...e5 is the strong threat.} 27. Bf6 Qb7 28. b4 Rec8 29. Qe5 Qd7 ({But not} 29... Qxb4 $2 30. Qxe6+ Kf8 31. Bg5 $18) 30. Qf4 (30. b5 $15) 30... Rc4 31. Bd4 {[#]} Rxb4 (31... Kh7 $1 $17 32. Rb1 Qc7 33. Qxc7+ Rxc7) 32. Rc1 $11 {Black must now prevent Rc7.} Rc4 33. Rb1 Rac8 34. Kg2 Kh7 35. a5 ({White should play} 35. Qe5 $1 $15) 35... Qe7 (35... Re8 $17 {Hoping for ...e5!} 36. Qe5 Qc7) 36. Qe5 {With the idea Rb6.} (36. Rb6 {is more complex.} e5 37. Qxe5 Qxe5 38. Bxe5 R4c6 39. Rb7+) 36... R4c6 37. Rb8 {White threatens Qh8+! and mate.} Rxb8 {[%mdl 8192]} (37... Kh6 $17 {and life is bright.} 38. Rb4 Qc7) 38. Qxb8 $17 {[%csl Gd4][%cal Rb8h8][%mdl 4096] Endgame KQR-KQB} e5 39. Bxe5 {[%csl Ge5][%cal Rb8h8]} Rf6 40. Bxf6 Qxf6 $18 {KQ-KQ} 41. Qb7+ Kh6 42. Qxd5 Kh7 43. Qb7+ Kh6 44. Qb6 Qe5 (44... Kg7 $18 45. Qd4 Kf7 46. Qa7+ Ke8) 45. Qxa6 {White mates.} Qe4+ 46. Kg1 Qb1+ 47. Qf1 Qa2 48. Qb5 Qa1+ 49. Kg2 Qa2 50. a6 {[%cal Ba5a6,Ba6a7][%mdl 32]} Qd2 51. a7 {Never resign too early!  Weighted Error Value: White=0.24/Black=0.58} 1-0

[Event "II Torneo Paterna-B 2021"]
[Site "Paterna"]
[Date "2021.10.18"]
[Round "7.3"]
[White "Luque Saiz, Andres"]
[Black "Pallardo Lozoya, Jose Vicente"]
[Result "1-0"]
[WhiteElo "2307"]
[BlackElo "2357"]
[Annotator "RC"]
[PlyCount "71"]
[EventDate "2021.10.18"]
[EventType "tourn"]
[EventCountry "ESP"]
[SourceTitle "playchess.com"]
[Source "ChessBase"]
[SourceQuality "1"]
[TimeControl "240+3"]

1. e4 {[%emt 0:00:03]} c6 {[%emt 0:00:01]} 2. d4 {[%emt 0:00:01]} d5 {[%emt 0:00:01]} 3. Nd2 {[%emt 0:00:01]} dxe4 {[%emt 0:00:05]} 4. Nxe4 {[%emt 0:00:01]} Bf5 {[%emt 0:00:01]} 5. Ng3 {[%emt 0:00:01]} Bg6 {[%emt 0:00:01]} 6. Nh3 {[%emt 0:00:01]} e6 {[%emt 0:00:24]} 7. Nf4 {[%emt 0:00:11]} Bd6 {[%emt 0:00:03]} 8. h4 {[%emt 0:00:03]} Qc7 {[%emt 0:00:02]} 9. Nxg6 {[%emt 0:00:02]} hxg6 {[%emt 0:00:02]} 10. Ne4 {[%emt 0:00:01]} Be7 {[%emt 0:00:10]} 11. g3 {[%emt 0:00:13]} Nf6 {[%emt 0:00:06]} 12. Ng5 {[%emt 0:00:14]} Nbd7 {[%emt 0:00:19]} 13. Bg2 {[%emt 0:00:17]} Rd8 {[%emt 0:00:37]} 14. O-O {[%emt 0:00:44]} Nb6 {[%emt 0:00:23]} 15. c3 {[%emt 0:00:27]} O-O {[%emt 0:00:23]} 16. Qe2 {[%emt 0:00:16]} Rfe8 {[%emt 0:00:37]} 17. a4 {[%emt 0:01:15]} a5 {[%emt 0:00:14]} 18. Bf4 {[%emt 0:00:26]} Bd6 {[%emt 0:00:01]} 19. Be5 {[%emt 0:00:02]} Nbd7 {[%emt 0:00:33]} 20. f4 {[%emt 0:00:15]} Nd5 {[%emt 0:00:20]} 21. Ne4 {[%emt 0:00:11]} Nxe5 {[%emt 0:00:27]} 22. fxe5 {[%emt 0:00:02]} Bf8 {[%emt 0:00:09]} 23. Rae1 {[%emt 0:00:08]} c5 {[%emt 0:00:00]} 24. Ng5 {[%emt 0:00:08]} Rd7 {[%emt 0:00:04]} 25. h5 {[%emt 0:00:00]} cxd4 {[%emt 0:00:05]} 26. hxg6 {[%emt 0:00:02]} fxg6 {[%emt 0:00:02]} 27. cxd4 {[%emt 0:00:03]} Qb6 {[%emt 0:00:05]} 28. Qf2 {[%emt 0:00:11]} Nb4 {[%emt 0:00:05]} 29. Rd1 {[%emt 0:00:01]} Red8 {[%emt 0:00:03]} 30. Kh2 {[%emt 0:00:07]} Nd5 {[%emt 0:00:05]} 31. Bxd5 {[%emt 0:00:02]} exd5 {[%emt 0:00:03]} 32. e6 {[%emt 0:00:01]} Re7 {[%emt 0:00:01]} 33. Qf7+ {[%emt 0:00:05]} Rxf7 {[%emt 0:00:04]} 34. exf7+ {[%emt 0:00:03]} Kh8 {[%emt 0:00:01]} 35. Kg2 {[%emt 0:00:03]} Qxb2+ {[%emt 0:00:06]} 36. Rf2 {[%emt 0:00:01]} 1-0